Tales I tell my mother : a collection of feminist short stories /

Bibliographic Details
Other Authors: Fairbairns, Zoë
Format: Book
Language:English
Published: Boston, MA : South End Press, 1980
Edition:1st U.S. ed.
Subjects:

MARC

Tag First Indicator Second Indicator Subfields
LEADER 00000cam a2200000 a 4500
001 in00000080847
005 20170202110823.0
008 810415c19801978mau 00001 eng d
010 |a  80050993  
020 |a 0896081117 (paper) 
020 |a 0896081125 (cloth) 
035 |a (OCoLC)07338908 
035 |9 AAH9632AM 
040 |a NAM  |c NAM  |d TXA  |d UtOrBLW 
049 |a TXAM  |c [1195856] 
090 |a PR1286.W6  |b T35 1980 
245 0 0 |a Tales I tell my mother :  |b a collection of feminist short stories /  |c by Zoe Fairbairns [and others]. 
250 |a 1st U.S. ed. 
264 1 |a Boston, MA :  |b South End Press,  |c 1980 
264 4 |c ©1978 
300 |a 161 pages ;  |c 22 cm. 
336 |a text  |b txt  |2 rdacontent 
337 |a unmediated  |b n  |2 rdamedia 
338 |a volume  |b nc  |2 rdacarrier 
650 0 |a Short stories, English  |x Women authors. 
650 0 |a American fiction  |x Women authors. 
650 0 |a Women  |v Fiction. 
700 1 |a Fairbairns, Zoë. 
999 |a MARS 
999 f f |s 46169728-2cdb-3e03-827b-f3cf2135cf37  |i 0d3fb7b2-1886-33dc-b34c-35d851c15edc  |t 0 
952 f f |p normal  |a Texas A&M University  |b College Station  |c Sterling C. Evans Library  |d Evans: Library Stacks  |t 0  |e PR1286.W6 T35 1980  |h Library of Congress classification  |i unmediated -- volume  |m A14806195729 
998 f f |a PR1286.W6 T35 1980  |t 0  |l Evans: Library Stacks